| 000 | 00429nam a2200169Ia 4500 | ||
|---|---|---|---|
| 008 | 230524s9999 xx 000 0 und d | ||
| 082 |
_a5 _bLIB |
||
| 100 |
_aJesse Liberty _924028 |
||
| 245 | 0 | _aJesse Liberty's C++ (The Comprehensive Solution) | |
| 250 | _a1st | ||
| 260 |
_aNEW DELHI _bTechmedia _c1999 |
||
| 300 | _axv;877 | ||
| 500 | _aQuantity Number: 1 | ||
| 650 | _aComp-Sc | ||
| 700 |
_a Others _924029 |
||
| 942 | _cBK | ||
| 999 |
_c35572 _d35572 |
||